Films avec Emmanuelle Béart par image - Statistiques

Statistiques générales
  • Ce quiz a été pris 56 fois
  • Le résultat moyen est 7 sur 16
Statistiques - réponses
Par images Réponse % Correct
Huit Femmes
90%
Manon des sources
86%
Mission : Impossible
74%
Disco
62%
Nelly et Monsieur Arnaud
60%
La Belle Noiseuse
55%
La Bûche
45%
L'Enfer
43%
Un cœur en hiver
36%
J'embrasse pas
24%
Les Egarés
21%
Une femme française
21%
Les Destinées sentimentales
19%
Les Yeux jaunes des crocodiles
19%
Le Temps retrouvé
12%
Les Héros de la famille
2%
Aucun quiz correspondant
Distribution des résultats
% des personnes avec chaque résultat
Percentile par nombre de réponses
Votre historique - résultats
Vous n’avez pas pris ce quiz